00613nam a2200205Ia 4500008004100000050001200041050001500053100001900068245011300087245001900200260003100219260001000250260001000260300001600270300002000286300001100306500005600317521001500373999001900388170504s9999 xx 000 0 und d aBF 723  b.L926 2016 aLu, Quennie N. aImpact of social learning on the interpersonal relations of grade six Mangyan students in Oriental Mindoro / cQuennie N. Lu. aLas Piñas, Philippines : bSISC, c2016. a108 pages : billustrations ; c28 cm. aIncludes bibliographical references and appendices. aPsychology c329811d329811